000 01432nam0a2200349 4500
001 RU\NLR\BIBL_A\022170402
005 20260607071947.0
010 _a978-5-17-159221-9
_94000
021 _aRU
_bКН-П-24-006924
_9КН-П-24-0717
035 _a(NLR Aleph) 022170402
090 _a12950313
_c12950313
100 _a20240318d2023 u y0rusy50 ca
101 1 _arus
_ceng
102 _aRU
105 _ay z 000ay
181 0 _ai4
_baxxe
182 0 _an
200 1 _aОстров сокровищ
_eроман
_fРоберт Льюис Стивенсон
_gперевод с англйского Н.К. Чуковского
203 _aТекст
_bвизуальный
_cнепосредственный
210 _aМосква
_cАСТ
_d2023
215 _a283, [3] с.
_d18
225 1 _aСерия "Эксклюзивная классика"
225 1 _aКниги, изменившие мир. Писатели, объединившие поколения
333 _a12+
686 1 _aШ6(4Вл)57-440.4{Лх1297-50}
700 1 _8rus
_7ca
_aСтивенсон
_bР. Л.
_f1850-1894
_gРоберт Льюис
_3RU\NLR\AUTH\771316
_9111343
702 1 _4730
_7ca
_8rus
_aЧуковский
_bК. И.
_f1882-1969
_gКорней Иванович
_9111544
_3RU\NLR\AUTH\771522
942 _cBOOK
980 _aNBR
980 _aNB